02371nam a2200373 a 450000100100000000500170001000800410002702000150006804000250008308200180010824501790012626000510030530000280035650400690038450509040045365000480135765000250140565000330143065000380146370000310150170000350153270000350156770000330160270000270163570000260166270000270168870000290171570000290174470000330177370000430180604900090184995201220185899900170198000002446320250311111111.0110127s1998 mx a r 000 | spa d a9684442629 aDO-SdBNPbspacBNPHU a001.42bT252i00aTécnicas de investigación en sociedad, cultura y comunicación /ccolaboración Luis Jesús Galindo Cáceres ... [et al.] ; edición Miguel Ángel Calderón Reyes. aMéxico, D. F. :bPearson Educación,c1998. a523 p. :bil. ;c23 cm. aIncluye referencias bibliográficas al final de los capítulos0 tIntroducción. La lucha de la luz y la sombra /rLuis Jesús Galindo CácerestLa metodología de la encuesta /rHeriberto López RomotGrupos de discusión. De la investigación social a la investigación social a la investigación reflexiva /rBernardo Russi AlzagatAnálisis del discurso /rJulieta HaidartHacia una metodología del discurso histórico /rAlfonso Mendiola y Guillermo ZermeñotLa historia oral y de vida: del recurso técnico a la experiencia de investigación /rJorge E. Aveces LozanotFunción y sentido de la entrevista cualitativa en investigación /rFrancisco SierratEtnografía. El oficio de la mirada y el sentido /rLuis Jesús Galindo CácerestAnálisis semántico basada en imágenes: un enfoque etnometodológico /rReginald A. CliffordtInvestigación acción participativa /rMarta AlcocertHeurística /rGuillermo Espinosa Velasco 4aInvestigación socialxMetodología98598 0a Investigación 92 0a Ciencia -xMetodología93 4aElaboración de proyectos9205951 aEspinoza, Guillermo9501471 aAveces Lozano, Jorge E.9501481 aLópez Romo, Heriberto9501491 aClifford, Reginald A.9501501 aRussi, Bernardo9501511 aAlcocer, Marta9501521 aHaidar, Julieta9407771 aSierra, Francisco9501531 aMendiola, Alfonso9501541 aZermeño , Guillermo9501551 aGalindo Cáceres, Luis Jesús932937 aBNGR 001054708MOaGRbGRcCTd2011-02-23iLF1l0o001.42 T252ip24463-10r2020-06-25w2020-06-25y4ZPréstamo en sala c23956d23956